000
00268nam a2200109Ia 4500
008
200302s9999 xx 000 0 und d
100
_a
Henry-Russell Hitchcock
245
_a
Schindler David Gebhard
260
_b
Thames and Hudson Ltd.
260
_c
1971
300
_a
216 P.,
999
_c
152
_d
152